Дело по жалобе евреев города Россиен на не освобождение еврейских учеников училищ от письма в субботний день, и по прошению нахо...

Доступно только в Электронных читальных залах Найти на картеНа карте
RUSMARC
00003912nmc2a22002413x 450
0017c863221-2ae0-4569-bc5c-a563593ef20b
00520210823223511.0
100##$a20210318l18671883k l0rusy0189 ca
1010#$arus
102##$aRU
105##$ay###
1222#$ad
2001#$aДело по жалобе евреев города Россиен на не освобождение еврейских учеников училищ от письма в субботний день, и по прошению находящихся в Санкт-Петербурге почетных граждан, купцов и других евреев, об освобождении в субботу и праздники еврейских учеников от письма, рисования и черчения
$j9 сентября 1867 г. - 25 октября 1883 г.
215##$a50 л.
$d36,5х26 см
251##$cДело
300##$aДело
371##$aДокумент не является опубликованным и широко распространяемым
461#0$1001a74412a3-3cc5-4d21-8f0a-dfe2fbd9e72d
$12001
$aДепартамент народного просвещения Министерства народного просвещения (1803-1917)
$1251
$cФонд
$1852
$j733
462#0$1001208a61b7-2020-4ed4-afdc-eeb27c3654e1
$12001
$aДела Департамента народного просвещения по части образования евреев (1863-1892 гг.)
$1251
$cОпись
$1852
$j189
801#0$aRU
$bРГИА
$c20210318
$gRCR
801#1$aRU
$bГлавНИВЦ
$c20210318
$2rusmarc
801#2$aRU
$bПБ им. Б.Н. Ельцина
$c20210823
$gRCR
$2rusmarc
850##$aРГИА
852##$aРГИА
$eФедеральное казенное учреждение "Российский государственный исторический архив" (РГИА)
$j231
937##$hРГИА
$d12360528
$aASBIBLIO_SCAN
035##$aRusGRCC00025578
856##$uhttp://readingroom.main.prlib.ru/item.aspx?id_node=n167642852&mode=full
Формат отображения